| 000 | 00522 a2200169 4500 | ||
|---|---|---|---|
| 020 | _a8175930256 | ||
| 040 |
_aDLC _bDLC |
||
| 082 | _a530.41 | ||
| 100 | _aChaikin, P. M. | ||
| 245 |
_aPrinciples of condensed matter physics _cP. M. Chaikin and T. C. Lubensky |
||
| 260 |
_aNew Delhi : _bCambridge University Press, _c1999. |
||
| 300 |
_axx, 699 p. : _bill. ; _c26 cm. |
||
| 500 | _aIncludes bibliographical references and index. | ||
| 650 | _aCondensed matter. | ||
| 700 | _aLubensky, T. C. | ||
| 942 |
_cBK _k530.41 CHA _2ddc |
||
| 999 |
_c7653 _d7653 |
||